Peptide-Based Drug Design Controlling Transport and Metabolism
Salvato in:
| Autore principale: | |
|---|---|
| Altri autori: | |
| Natura: | Libro |
| Lingua: | inglese |
| Pubblicazione: |
Washington
American Chemical Society
1995
|
| Edizione: | 1. ed. |
| Serie: | ACS Profesional Reference Book
|
| Soggetti: | |
| Accesso online: | Visualizza in OPAC |
| Tags: |
Nessun Tag, puoi essere il primo ad aggiungerne!!
|
MARC
| LEADER | 00000nam a2200000 a 4500 | ||
|---|---|---|---|
| 005 | 20260127134058.0 | ||
| 008 | 050519 1995 xxu 000 0 eng d | ||
| 020 | |a 0841230587 | ||
| 035 | |a vtls008154912 | ||
| 039 | 9 | |a 200902161607 |b mschk02 |y 200505190839 |z mschk03 | |
| 040 | |a STUSCHK1 |b slo |c STUSCHK1 |e AACR2 | ||
| 080 | |a 615.19 | ||
| 100 | 1 | |a Taylor, Michael D. | |
| 245 | 1 | |a Peptide-Based Drug Design |b Controlling Transport and Metabolism | |
| 250 | |a 1. ed. | ||
| 260 | |a Washington |b American Chemical Society |c 1995 | ||
| 300 | |a xviii, 567 s. | ||
| 490 | 0 | |a ACS Profesional Reference Book | |
| 650 | 0 | |a Peptide drugs | |
| 650 | 0 | |a Physiological transport | |
| 650 | 0 | |a Drug Design | |
| 650 | 0 | |a Drug Delivery Systems | |
| 700 | 1 | |a Amidon, Gordon L. | |
| 910 | |a SCHK95 | ||
| 919 | |a 0-8412-3058-7 | ||
| 999 | |c 3585 |d 3585 | ||